[Event "VL18/19"]
[Site "Mecklenburg-Vorpommern"]
[Date "2018.11.11"]
[Round "2.6"]
[White "Borchert, Chris"]
[Black "Vladov, Mark"]
[Result "1-0"]
[WhiteElo "2030"]
[BlackElo "1639"]
[PlyCount "29"]
[EventDate "2018.??.??"]
[EventType "team-tourn"]
[EventRounds "9"]
[EventCountry "GER"]
[WhiteTeam "Gruen-Weiss Wismar"]
[BlackTeam "SFO Warnemuende"]
[WhiteTeamCountry "GER"]
[BlackTeamCountry "GER"]

1. d4 Nf6 2. Bg5 e6 3. e3 b6 4. Bd3 Bb7 5. Nf3 h6 6. Bxf6 Qxf6 7. Nbd2 c5 8.
O-O Be7 9. Ne5 h5 10. f4 d6 11. Ne4 Qh6 12. Qf3 d5 13. Bb5+ Kf8 14. Ng5 Rg8 15.
Nexf7 1-0

[Event "VL18/19"]
[Site "Mecklenburg-Vorpommern"]
[Date "2018.11.11"]
[Round "2.7"]
[White "Fenske, Harald"]
[Black "Podolskiy, Alexander"]
[Result "1-0"]
[WhiteElo "1583"]
[BlackElo "1823"]
[PlyCount "31"]
[EventDate "2018.??.??"]
[EventType "team-tourn"]
[EventRounds "9"]
[EventCountry "GER"]
[WhiteTeam "SFO Warnemuende"]
[BlackTeam "Gruen-Weiss Wismar"]
[WhiteTeamCountry "GER"]
[BlackTeamCountry "GER"]

1. e4 e5 2. Nf3 d6 3. Be2 Nc6 4. d4 exd4 5. Nxd4 Nxd4 6. Qxd4 Qf6 7. Qd1 Qg6 8.
Bf3 Nf6 9. Nc3 Bd7 10. Be3 Be7 11. Nd5 Nxd5 12. exd5 Bf5 13. Rc1 Bf6 14. c3 O-O
15. O-O Be5 16. Bh5 1-0

[Event "VL18/19"]
[Site "Mecklenburg-Vorpommern"]
[Date "2018.11.11"]
[Round "2.8"]
[White "Wagner, Bernd"]
[Black "Staben, Thomas"]
[Result "1/2-1/2"]
[WhiteElo "1754"]
[BlackElo "1589"]
[PlyCount "38"]
[EventDate "2018.??.??"]
[EventType "team-tourn"]
[EventRounds "9"]
[EventCountry "GER"]
[WhiteTeam "Gruen-Weiss Wismar"]
[BlackTeam "SFO Warnemuende"]
[WhiteTeamCountry "GER"]
[BlackTeamCountry "GER"]

1. d4 d5 2. c4 e6 3. Nc3 Nf6 4. Bf4 Bd6 5. Bg3 Bxg3 6. hxg3 Bd7 7. e3 Nc6 8.
cxd5 exd5 9. Rc1 Ne7 10. Bd3 Bf5 11. Nge2 Bxd3 12. Qxd3 c6 13. b4 a6 14. a4 O-O
15. b5 axb5 16. axb5 Ra3 17. bxc6 bxc6 18. Qc2 Qa5 19. Qb2 Rc8 1/2-1/2

[Event "VL18/19"]
[Site "Mecklenburg-Vorpommern"]
[Date "2018.11.11"]
[Round "2.1"]
[White "Mehl, Ronald"]
[Black "Montag, Ralf"]
[Result "1-0"]
[WhiteElo "2044"]
[BlackElo "1948"]
[PlyCount "83"]
[EventDate "2018.??.??"]
[EventType "team-tourn"]
[EventRounds "9"]
[EventCountry "GER"]
[WhiteTeam "FHSG Stralsund"]
[BlackTeam "VT Ludwigslust"]
[WhiteTeamCountry "GER"]
[BlackTeamCountry "GER"]

1. Nf3 g6 2. g3 Bg7 3. Bg2 Nf6 4. O-O O-O 5. c4 c5 6. Nc3 d5 7. cxd5 Nxd5 8.
Qb3 Nb6 9. d3 Nc6 10. Qb5 c4 11. Be3 cxd3 12. Rfd1 Bf5 13. Nh4 Bd7 14. Qxd3 Ne5
15. Qc2 Qc8 16. Bd4 Bc6 17. e4 Rd8 18. Qe2 e6 19. f4 Ned7 20. Bxg7 Kxg7 21. Qf2
Nf6 22. Rxd8 Qxd8 23. Rd1 Qe7 24. Qd4 e5 25. fxe5 Ng4 26. e6+ f6 27. Nd5 Qxe6
28. Nc7 Qxa2 29. Nxa8 Nxa8 30. Nf3 Qa5 31. h3 Ne5 32. Nxe5 fxe5 33. Qf2 Qb6 34.
Rf1 a5 35. Re1 Qxf2+ 36. Kxf2 a4 37. Ke3 Nb6 38. Bf1 Nd7 39. Rc1 g5 40. Ba6 Kg6
41. Bxb7 Bb5 42. Bc6 1-0

[Event "VL18/19"]
[Site "Mecklenburg-Vorpommern"]
[Date "2018.11.11"]
[Round "2.2"]
[White "Wiemer, Juergen"]
[Black "Hubert, Peter"]
[Result "0-1"]
[WhiteElo "1915"]
[BlackElo "1997"]
[PlyCount "110"]
[EventDate "2018.??.??"]
[EventType "team-tourn"]
[EventRounds "9"]
[EventCountry "GER"]
[WhiteTeam "VT Ludwigslust"]
[BlackTeam "FHSG Stralsund"]
[WhiteTeamCountry "GER"]
[BlackTeamCountry "GER"]

1. e4 c6 2. d4 d5 3. e5 Bf5 4. Nf3 e6 5. Bd3 Bxd3 6. Qxd3 Qb6 7. a3 Qa6 8. Qxa6
Nxa6 9. b4 b6 10. O-O Ne7 11. c3 h6 12. Nbd2 g5 13. Nb3 Ng6 14. Be3 Bg7 15.
Nfd2 O-O 16. Rac1 f6 17. exf6 Bxf6 18. c4 Rac8 19. g3 e5 20. cxd5 cxd5 21. Kg2
Bg7 22. dxe5 Nxe5 23. Rxc8 Rxc8 24. Rc1 Rxc1 25. Nxc1 Nc4 26. Nxc4 dxc4 27. Na2
g4 28. h4 gxh3+ 29. Kxh3 Kf7 30. Kg2 Ke6 31. Kf1 h5 32. Ke2 Nc7 33. Bc1 Nd5 34.
Bd2 b5 35. Kd1 Bd4 36. Ke2 a6 37. f3 Kf5 38. Kd1 Be5 39. g4+ hxg4 40. fxg4+
Kxg4 41. Kc2 Kf3 42. Bh6 Nc7 43. Nc3 Bxc3 44. Kxc3 Ke4 45. Kc2 Ne6 46. Kc3 Nd4
47. Bg7 Ne2+ 48. Kc2 Ng3 49. Kc3 Ke3 50. Bd4+ Ke2 51. Kc2 Nf5 52. Bf6 Ne3+ 53.
Kc1 Kd3 54. Bg5 c3 55. Bf4 Nc4 0-1

[Event "VL18/19"]
[Site "Mecklenburg-Vorpommern"]
[Date "2018.11.11"]
[Round "2.3"]
[White "Glawe, Hartmut"]
[Black "Illgen, Alexander"]
[Result "0-1"]
[WhiteElo "1942"]
[BlackElo "1898"]
[PlyCount "80"]
[EventDate "2018.??.??"]
[EventType "team-tourn"]
[EventRounds "9"]
[EventCountry "GER"]
[WhiteTeam "FHSG Stralsund"]
[BlackTeam "VT Ludwigslust"]
[WhiteTeamCountry "GER"]
[BlackTeamCountry "GER"]

1. d4 Nf6 2. Bf4 g6 3. Nc3 Bg7 4. e4 d6 5. h4 h5 6. Nf3 a6 7. Qd2 b5 8. a3 Bb7
9. Bd3 Ng4 10. O-O-O Nd7 11. Kb1 c5 12. dxc5 Nxc5 13. Bg3 Qb6 14. Nd5 Bxd5 15.
exd5 Nxd3 16. Qxd3 Nxf2 17. Bxf2 Qxf2 18. Rd2 Qg3 19. Re2 Bf6 20. Re3 Rc8 21.
Rg1 Qg4 22. Re4 Qf5 23. Rf1 Qd7 24. Nd4 Bxd4 25. Qxd4 O-O 26. Qe3 Rc7 27. Re1
Re8 28. g4 hxg4 29. h5 Qf5 30. hxg6 fxg6 31. Qh6 Qh5 32. Rh1 Qxh6 33. Rxh6 Kg7
34. Rh4 Rf8 35. b3 Rf5 36. c4 bxc4 37. bxc4 Rg5 38. Kb2 Kf6 39. Re6+ Kf5 40.
Kc3 Rh5 0-1

[Event "VL18/19"]
[Site "Mecklenburg-Vorpommern"]
[Date "2018.11.11"]
[Round "2.4"]
[White "Krueger, Horst"]
[Black "Kohn, Andreas"]
[Result "1/2-1/2"]
[WhiteElo "1899"]
[BlackElo "1888"]
[PlyCount "47"]
[EventDate "2018.??.??"]
[EventType "team-tourn"]
[EventRounds "9"]
[EventCountry "GER"]
[WhiteTeam "VT Ludwigslust"]
[BlackTeam "FHSG Stralsund"]
[WhiteTeamCountry "GER"]
[BlackTeamCountry "GER"]

1. d4 Nf6 2. c4 e5 3. dxe5 Ng4 4. Nf3 Bc5 5. e3 Nc6 6. a3 a5 7. Nc3 O-O 8. h3
Ngxe5 9. Be2 Re8 10. b3 Nxf3+ 11. Bxf3 Ne5 12. O-O Qf6 13. Bb2 Nxf3+ 14. Qxf3
Qxf3 15. gxf3 d6 16. Kh2 Bd7 17. Ne4 Re6 18. Rg1 Rg6 19. Rxg6 hxg6 20. Nxc5
dxc5 21. Be5 Rc8 22. Rd1 Bc6 23. Kg3 f6 24. Bc3 1/2-1/2

[Event "VL18/19"]
[Site "Mecklenburg-Vorpommern"]
[Date "2018.11.11"]
[Round "2.5"]
[White "Paulowitz, Bernd Rainer"]
[Black "Martensen, Helmut"]
[Result "1-0"]
[WhiteElo "1868"]
[BlackElo "1913"]
[PlyCount "81"]
[EventDate "2018.??.??"]
[EventType "team-tourn"]
[EventRounds "9"]
[EventCountry "GER"]
[WhiteTeam "FHSG Stralsund"]
[BlackTeam "VT Ludwigslust"]
[WhiteTeamCountry "GER"]
[BlackTeamCountry "GER"]

1. d4 g6 2. g3 Bg7 3. Bg2 c6 4. e4 d6 5. Ne2 Nf6 6. O-O O-O 7. b3 Nbd7 8. Bb2
Qc7 9. c4 Re8 10. Nbc3 a6 11. a4 e5 12. d5 c5 13. Qd3 Nh5 14. Rae1 Qd8 15. Bc1
Rf8 16. Bf3 Ndf6 17. Bg2 Ne8 18. f3 f5 19. f4 exf4 20. Nxf4 Nxf4 21. Bxf4 g5
22. Bd2 Qf6 23. Ne2 Qg6 24. b4 cxb4 25. Bxb4 Be5 26. Nd4 f4 27. gxf4 Bxf4 28.
Bd2 Ng7 29. Bxf4 gxf4 30. Kh1 Qh6 31. Bf3 Bd7 32. Rb1 b5 33. axb5 axb5 34. cxb5
Ra2 35. Ne2 Nh5 36. Bxh5 Qxh5 37. Rf2 Bg4 38. Rg1 Rxe2 39. Qxe2 f3 40. Rxf3 Rf7
41. Rxg4+ 1-0

[Event "VL18/19"]
[Site "Mecklenburg-Vorpommern"]
[Date "2018.11.11"]
[Round "2.6"]
[White "Hilpert, Andreas"]
[Black "Kohn, Thomas"]
[Result "1-0"]
[WhiteElo "1860"]
[BlackElo "1851"]
[PlyCount "93"]
[EventDate "2018.??.??"]
[EventType "team-tourn"]
[EventRounds "9"]
[EventCountry "GER"]
[WhiteTeam "VT Ludwigslust"]
[BlackTeam "FHSG Stralsund"]
[WhiteTeamCountry "GER"]
[BlackTeamCountry "GER"]

1. e4 c5 2. Nc3 Nc6 3. g3 g6 4. Bg2 Bg7 5. Nge2 d6 6. O-O Nf6 7. d3 O-O 8. f4
Bg4 9. h3 Bxe2 10. Nxe2 e6 11. g4 d5 12. g5 Nh5 13. e5 Nxe5 14. fxe5 Bxe5 15.
Bf3 Ng3 16. Nxg3 Bxg3 17. Bg2 Be5 18. c3 Qd7 19. Qe2 Bg7 20. Bf4 d4 21. c4 e5
22. Bd2 Rab8 23. a4 a6 24. b4 b5 25. axb5 axb5 26. cxb5 Qxb5 27. Ra5 Qd7 28.
Rxc5 Rfc8 29. Qg4 Qxg4 30. hxg4 Rxc5 31. bxc5 Bf8 32. c6 Bd6 33. Bd5 Rf8 34.
Ba5 Kg7 35. Rf6 Be7 36. c7 Bxf6 37. gxf6+ Kxf6 38. Bb7 Kg5 39. c8=Q Rxc8 40.
Bxc8 Kf4 41. Kf2 f5 42. gxf5 gxf5 43. Bd2+ Kg4 44. Be6 h5 45. Kg2 h4 46. Bc1
h3+ 47. Kh2 1-0

[Event "VL18/19"]
[Site "Mecklenburg-Vorpommern"]
[Date "2018.11.11"]
[Round "2.7"]
[White "Klepin, Wilfried"]
[Black "Meier, Klaus"]
[Result "1-0"]
[WhiteElo "1798"]
[BlackElo "1805"]
[PlyCount "101"]
[EventDate "2018.??.??"]
[EventType "team-tourn"]
[EventRounds "9"]
[EventCountry "GER"]
[WhiteTeam "FHSG Stralsund"]
[BlackTeam "VT Ludwigslust"]
[WhiteTeamCountry "GER"]
[BlackTeamCountry "GER"]

1. f4 d5 2. d4 Nf6 3. Nf3 e6 4. e3 c5 5. c3 Be7 6. Bd3 Nbd7 7. Nbd2 b6 8. Ne5
Bb7 9. Qf3 g6 10. g4 Nxe5 11. fxe5 Nd7 12. O-O O-O 13. Qh3 f5 14. Nf3 a6 15.
Bd2 c4 16. Bc2 b5 17. Rf2 a5 18. Rg2 Kh8 19. gxf5 gxf5 20. Qh6 Rg8 21. Qxe6
Rxg2+ 22. Kxg2 Qg8+ 23. Qxg8+ Rxg8+ 24. Kf2 Rf8 25. Rg1 Bc8 26. Ng5 Nb6 27. Nh3
Rg8 28. Kf3 Rxg1 29. Nxg1 Kg7 30. Kf4 Kg6 31. Nf3 h6 32. h4 Bd7 33. Be1 Bc8 34.
Bd1 Na8 35. h5+ Kg7 36. Bc2 Bd7 37. Bxf5 Be8 38. Kg4 b4 39. e4 Nb6 40. exd5
Nxd5 41. Bd2 Nc7 42. Ng1 b3 43. axb3 cxb3 44. c4 a4 45. d5 Bc5 46. Bc3 Nxd5 47.
cxd5 Bxg1 48. e6+ Kf8 49. d6 Bb6 50. d7 Bxd7 51. exd7 1-0

[Event "VL18/19"]
[Site "Mecklenburg-Vorpommern"]
[Date "2018.11.11"]
[Round "2.8"]
[White "Emmrich, Olaf"]
[Black "Vietinghoff, Klaus"]
[Result "1-0"]
[WhiteElo "1802"]
[BlackElo "1694"]
[PlyCount "81"]
[EventDate "2018.??.??"]
[EventType "team-tourn"]
[EventRounds "9"]
[EventCountry "GER"]
[WhiteTeam "VT Ludwigslust"]
[BlackTeam "FHSG Stralsund"]
[WhiteTeamCountry "GER"]
[BlackTeamCountry "GER"]

1. e4 d6 2. d4 Nf6 3. Bd3 Nc6 4. c3 e5 5. d5 Ne7 6. Bg5 Ng6 7. Nf3 h6 8. Bxf6
Qxf6 9. Bb5+ Kd8 10. g3 Bg4 11. Nbd2 Ne7 12. h3 Bxf3 13. Nxf3 g5 14. Bd3 h5 15.
h4 g4 16. Nh2 Rg8 17. Qb3 Kc8 18. Qa4 Bh6 19. Bb5 Kd8 20. Be2 Qg6 21. O-O f5
22. exf5 Qxf5 23. Rad1 Qf6 24. Qb5 Rb8 25. Qa4 Nc8 26. Qe4 Qg6 27. Qa4 Qf6 28.
Bd3 a6 29. Qe4 Ne7 30. c4 Qg6 31. Qe2 Qf6 32. b4 Kd7 33. Be4 Rg7 34. c5 Nf5 35.
c6+ bxc6 36. dxc6+ Kd8 37. Bxf5 Qxf5 38. Qxa6 e4 39. Qa7 Qb5 40. Qd4 Qxb4 41.
Qf6+ 1-0

[Event "VL18/19"]
[Site "Mecklenburg-Vorpommern"]
[Date "2018.11.11"]
[Round "2.1"]
[White "Reyer, Ulli"]
[Black "Schumacher, Ole"]
[Result "1-0"]
[WhiteElo "2094"]
[BlackElo "1835"]
[PlyCount "75"]
[EventDate "2018.??.??"]
[EventType "team-tourn"]
[EventRounds "9"]
[EventCountry "GER"]
[WhiteTeam "Greifswalder SV II"]
[BlackTeam "SF Schwerin III"]
[WhiteTeamCountry "GER"]
[BlackTeamCountry "GER"]

1. e4 c5 2. Nf3 d6 3. Bb5+ Bd7 4. Bxd7+ Qxd7 5. O-O Nf6 6. Re1 Nc6 7. c3 e6 8.
d4 d5 9. Ne5 Qd8 10. Bg5 Be7 11. Nxc6 bxc6 12. Qa4 Qb6 13. exd5 Nxd5 14. Bxe7
Nxe7 15. Nd2 O-O 16. Qa3 Nd5 17. Nc4 Qb5 18. Nd6 Qb6 19. dxc5 Qd8 20. c4 Nf6
21. b4 a6 22. Qc3 Nd7 23. Nb7 Qg5 24. Rad1 Ra7 25. Na5 Rc7 26. Rd6 Rfc8 27.
Red1 Nf8 28. Qd3 h6 29. g3 Ng6 30. Rd7 Ne5 31. Rd8+ Rxd8 32. Qxd8+ Qxd8 33.
Rxd8+ Kh7 34. f4 Ng4 35. Rd6 Kg8 36. Rxc6 Rxc6 37. Nxc6 Kf8 38. b5 1-0

[Event "VL18/19"]
[Site "Mecklenburg-Vorpommern"]
[Date "2018.11.11"]
[Round "2.2"]
[White "Kutschke, Peter"]
[Black "Lange, Jannis"]
[Result "1/2-1/2"]
[WhiteElo "1941"]
[BlackElo "1840"]
[PlyCount "89"]
[EventDate "2018.??.??"]
[EventType "team-tourn"]
[EventRounds "9"]
[EventCountry "GER"]
[WhiteTeam "SF Schwerin III"]
[BlackTeam "Greifswalder SV II"]
[WhiteTeamCountry "GER"]
[BlackTeamCountry "GER"]

1. e4 c5 2. c4 Nc6 3. Ne2 e5 4. g3 g6 5. Bg2 Bg7 6. O-O d6 7. d3 Nge7 8. Nbc3
h5 9. h3 Be6 10. Nd5 Nd4 11. Nxd4 cxd4 12. Bg5 Bxd5 13. cxd5 f6 14. Bd2 h4 15.
f4 hxg3 16. fxe5 dxe5 17. Qg4 Qd6 18. Rac1 Bh6 19. Bxh6 Rxh6 20. Rc4 g5 21.
Rfc1 Rh4 22. Qxg3 Kd8 23. Bf3 Rc8 24. Rxc8+ Nxc8 25. Bg4 Nb6 26. Qf2 Rh7 27.
Be6 Ke7 28. Qc2 Kd8 29. Qf2 Ke7 30. a4 Nd7 31. Qc2 Rh8 32. Qb3 Rb8 33. Qc4 Nf8
34. Bf5 Kd8 35. b4 Nd7 36. a5 a6 37. Kg2 Ra8 38. Rc2 Rb8 39. Kg3 Ra8 40. Bg4
Rb8 41. Bf5 Nf8 42. h4 gxh4+ 43. Kxh4 Nd7 44. Be6 Nf8 45. Bf5 1/2-1/2

[Event "VL18/19"]
[Site "Mecklenburg-Vorpommern"]
[Date "2018.11.11"]
[Round "2.3"]
[White "Lenz, Rudi"]
[Black "Focke, Adrian"]
[Result "1/2-1/2"]
[WhiteElo "2115"]
[BlackElo "1808"]
[PlyCount "74"]
[EventDate "2018.??.??"]
[EventType "team-tourn"]
[EventRounds "9"]
[EventCountry "GER"]
[WhiteTeam "Greifswalder SV II"]
[BlackTeam "SF Schwerin III"]
[WhiteTeamCountry "GER"]
[BlackTeamCountry "GER"]

1. Nf3 e6 2. b3 d5 3. Bb2 Nf6 4. e3 Be7 5. c4 O-O 6. Nc3 b6 7. Be2 Bb7 8. O-O
c5 9. d4 dxc4 10. bxc4 cxd4 11. exd4 Nc6 12. Rc1 Rc8 13. Qd3 Na5 14. Nd2 Qd7
15. Nb5 a6 16. Nc3 Rfd8 17. Nd1 Ne8 18. Bf3 Bxf3 19. Nxf3 Bf6 20. Ne3 Nc6 21.
Rfd1 Ne7 22. Qb3 Qc7 23. Ng4 Nc6 24. Nxf6+ Nxf6 25. Qa4 Na5 26. d5 Nxc4 27.
Bxf6 gxf6 28. dxe6 Rxd1+ 29. Rxd1 fxe6 30. Qxa6 Nd6 31. h3 Nf5 32. a4 Ne7 33.
Nd4 e5 34. Ne2 Qc4 35. Rd8+ Kf7 36. Qxc4+ Rxc4 37. Rb8 Rxa4 1/2-1/2

[Event "VL18/19"]
[Site "Mecklenburg-Vorpommern"]
[Date "2018.11.11"]
[Round "2.4"]
[White "Fischer, Torsten"]
[Black "Schwahn, Christian"]
[Result "0-1"]
[WhiteElo "1975"]
[BlackElo "1984"]
[PlyCount "50"]
[EventDate "2018.??.??"]
[EventType "team-tourn"]
[EventRounds "9"]
[EventCountry "GER"]
[WhiteTeam "SF Schwerin III"]
[BlackTeam "Greifswalder SV II"]
[WhiteTeamCountry "GER"]
[BlackTeamCountry "GER"]

1. e4 c6 2. d4 d5 3. e5 Bf5 4. Nc3 e6 5. g4 Bg6 6. Nge2 Nd7 7. Nf4 Ne7 8. a4 a6
9. b4 h6 10. Nxg6 Nxg6 11. Rb1 Be7 12. Bd3 Nh4 13. Kf1 f6 14. exf6 Bxf6 15. Ne2
O-O 16. c3 e5 17. Be3 Bg5 18. Bxg5 Qxg5 19. Ng3 e4 20. Bc2 Rf3 21. Rb2 Raf8 22.
Bb1 Qxg4 23. Re2 Rxf2+ 24. Ke1 Ng2+ 25. Kd2 Qg5+ 0-1

[Event "VL18/19"]
[Site "Mecklenburg-Vorpommern"]
[Date "2018.11.11"]
[Round "2.5"]
[White "Troyke, Jannis"]
[Black "Kupfernagel, Michael"]
[Result "1-0"]
[WhiteElo "1895"]
[BlackElo "1939"]
[PlyCount "81"]
[EventDate "2018.??.??"]
[EventType "team-tourn"]
[EventRounds "9"]
[EventCountry "GER"]
[WhiteTeam "Greifswalder SV II"]
[BlackTeam "SF Schwerin III"]
[WhiteTeamCountry "GER"]
[BlackTeamCountry "GER"]

1. e4 c5 2. Nf3 d6 3. d4 cxd4 4. Nxd4 Nf6 5. Nc3 a6 6. h3 e6 7. g4 Be7 8. Bg2
Qc7 9. O-O Nc6 10. Be3 Ne5 11. Bc1 h6 12. Kh1 Bd7 13. a4 Rc8 14. f4 Nc6 15.
Nde2 Nb4 16. Ng3 Bc6 17. g5 hxg5 18. fxg5 Nd7 19. Qd4 Nxc2 20. Qxg7 Rf8 21. Rb1
Ne5 22. h4 Kd7 23. Rd1 Ng4 24. Rd2 Nce3 25. Bh3 Ne5 26. Qxe5 Nc4 27. Qd4 Nxd2
28. Bxd2 Rh8 29. Nf5 Rcg8 30. Nxe7 Kxe7 31. Qf2 Rh7 32. Rf1 Ke8 33. Bg4 f5 34.
Bf3 b5 35. axb5 axb5 36. b4 Qb7 37. Qe1 Rgh8 38. h5 Qf7 39. h6 Rg8 40. Qh4 Kd8
41. g6+ 1-0

[Event "VL18/19"]
[Site "Mecklenburg-Vorpommern"]
[Date "2018.11.11"]
[Round "2.6"]
[White "Helms, Sven"]
[Black "Gwiazda, Slawomir"]
[Result "1-0"]
[WhiteElo "1913"]
[BlackElo "1945"]
[PlyCount "61"]
[EventDate "2018.??.??"]
[EventType "team-tourn"]
[EventRounds "9"]
[EventCountry "GER"]
[WhiteTeam "SF Schwerin III"]
[BlackTeam "Greifswalder SV II"]
[WhiteTeamCountry "GER"]
[BlackTeamCountry "GER"]

1. e4 e6 2. d4 d5 3. Nc3 Nf6 4. e5 Nfd7 5. f4 c5 6. Nf3 Nc6 7. Be3 cxd4 8. Nxd4
Bc5 9. Qd2 O-O 10. O-O-O a6 11. g4 Nxd4 12. Bxd4 b5 13. Bg2 b4 14. Ne2 a5 15.
Ng3 Qc7 16. Rhe1 b3 17. axb3 a4 18. b4 Be7 19. f5 Kh8 20. f6 gxf6 21. exf6 Bd6
22. Nh5 Rb8 23. Qh6 Rg8 24. Rxe6 Bf8 25. Qg7+ Rxg7 26. fxg7+ Kg8 27. gxf8=Q+
Nxf8 28. Nf6+ Kg7 29. Nxd5+ Kg8 30. Ne7+ Qxe7 31. Rxe7 1-0

[Event "VL18/19"]
[Site "Mecklenburg-Vorpommern"]
[Date "2018.11.11"]
[Round "2.7"]
[White "Sowada, Christoph"]
[Black "Kross, Gunnar"]
[Result "1/2-1/2"]
[WhiteElo "1941"]
[BlackElo "1933"]
[PlyCount "43"]
[EventDate "2018.??.??"]
[EventType "team-tourn"]
[EventRounds "9"]
[EventCountry "GER"]
[WhiteTeam "Greifswalder SV II"]
[BlackTeam "SF Schwerin III"]
[WhiteTeamCountry "GER"]
[BlackTeamCountry "GER"]

1. e4 c6 2. Ne2 d5 3. e5 Bf5 4. f3 Bd7 5. d4 e6 6. c3 c5 7. Be3 Nc6 8. f4 cxd4
9. Nxd4 Nge7 10. Nd2 Nxd4 11. Bxd4 Nf5 12. Bf2 Qc7 13. Nb3 b5 14. a3 g5 15. g4
Ne7 16. fxg5 Qxe5+ 17. Qe2 Qxg5 18. Nd4 a6 19. Rg1 Ng6 20. Nf3 Qf4 21. Bg3 Qxg4
22. Be5 1/2-1/2

[Event "VL18/19"]
[Site "Mecklenburg-Vorpommern"]
[Date "2018.11.25"]
[Round "3.1"]
[White "Schreiber, Kevin"]
[Black "Fromm, Marius"]
[Result "1/2-1/2"]
[WhiteElo "2065"]
[BlackElo "1988"]
[PlyCount "102"]
[EventDate "2018.??.??"]
[EventType "team-tourn"]
[EventRounds "9"]
[EventCountry "GER"]
[WhiteTeam "SF Schwerin II"]
[BlackTeam "Greifswalder SV II"]
[WhiteTeamCountry "GER"]
[BlackTeamCountry "GER"]

1. d4 d5 2. Bf4 Nf6 3. e3 c5 4. c3 Nc6 5. Bd3 Qb6 6. Qb3 c4 7. Qxb6 axb6 8. Bc2
e6 9. Nd2 b5 10. Ngf3 b4 11. O-O Be7 12. Ne5 Bd7 13. Nxd7 Kxd7 14. e4 b5 15.
Bg5 bxc3 16. bxc3 Ra3 17. exd5 Nxd5 18. Bxe7 Ncxe7 19. Nb1 Ra5 20. a3 Rha8 21.
Ra2 g6 22. Rb2 Nc8 23. g3 Ncb6 24. Be4 Rb8 25. Re1 Kd6 26. Kg2 Nc7 27. f4 Nbd5
28. Rf2 Raa8 29. Bc2 Re8 30. Rf3 Re7 31. h3 Nb6 32. Re2 Ncd5 33. g4 f5 34. Kg3
Rf7 35. Rf1 Rg8 36. Rfe1 Re7 37. Kf3 fxg4+ 38. hxg4 Rf8 39. Re4 Nc7 40. Kg3
Ref7 41. g5 Nbd5 42. Rf1 Ra8 43. Rf3 Ne8 44. Rf2 Ng7 45. Bd1 Nf5+ 46. Kh3 Nfe3
47. Bg4 Nxg4 48. Kxg4 h5+ 49. Kg3 Raf8 50. Rf3 Ra8 51. Re2 Raf8 1/2-1/2

[Event "VL18/19"]
[Site "Mecklenburg-Vorpommern"]
[Date "2018.11.25"]
[Round "3.3"]
[White "Heinsohn, Wilfried"]
[Black "Lange, Jannis"]
[Result "1-0"]
[WhiteElo "2097"]
[BlackElo "1840"]
[PlyCount "109"]
[EventDate "2018.??.??"]
[EventType "team-tourn"]
[EventRounds "9"]
[EventCountry "GER"]
[WhiteTeam "SF Schwerin II"]
[BlackTeam "Greifswalder SV II"]
[WhiteTeamCountry "GER"]
[BlackTeamCountry "GER"]

1. e4 c5 2. Nc3 Nc6 3. Bb5 g6 4. Bxc6 dxc6 5. f4 Bg7 6. Nf3 Nf6 7. d3 Qc7 8.
O-O b6 9. Qe1 Bg4 10. Qh4 Bxf3 11. Rxf3 O-O-O 12. Be3 Ne8 13. Rd1 Bf6 14. Qh3+
Qd7 15. Qxd7+ Rxd7 16. e5 Bg7 17. Ne4 Nc7 18. Ng5 h6 19. Ne4 Rhd8 20. Re1 Nd5
21. a3 Nc7 22. Bf2 Rf8 23. Nd2 f6 24. Rg3 fxe5 25. Rxg6 e6 26. fxe5 Rf5 27. Nc4
Rg5 28. Rxg5 hxg5 29. h4 Nd5 30. hxg5 Nf4 31. Be3 Ng6 32. Bd2 Rd4 33. Rf1 Rg4
34. Rf7 Bxe5 35. Nxe5 Nxe5 36. Rf8+ Kd7 37. Kf2 Ke7 38. Rh8 Ra4 39. Bc3 Ng6 40.
Rg8 Nf8 41. Kf3 e5 42. Bxe5 Kf7 43. Rg7+ Ke6 44. Bc3 Kd6 45. g6 Ne6 46. Rb7
Rf4+ 47. Kg3 Rf5 48. g7 Rg5+ 49. Kf3 Rf5+ 50. Ke3 Rg5 51. Kf2 a5 52. Rxb6 Kc7
53. Ra6 Kb7 54. Rxa5 Kb6 55. b4 1-0

[Event "VL18/19"]
[Site "Mecklenburg-Vorpommern"]
[Date "2018.11.25"]
[Round "3.4"]
[White "Lenz, Rudi"]
[Black "Hasselmann, Dieter"]
[Result "0-1"]
[WhiteElo "2115"]
[BlackElo "2075"]
[PlyCount "98"]
[EventDate "2018.??.??"]
[EventType "team-tourn"]
[EventRounds "9"]
[EventCountry "GER"]
[WhiteTeam "Greifswalder SV II"]
[BlackTeam "SF Schwerin II"]
[WhiteTeamCountry "GER"]
[BlackTeamCountry "GER"]

1. e4 c6 2. Nc3 d5 3. Nf3 dxe4 4. Nxe4 Bf5 5. Ng3 Bg6 6. h4 h6 7. Ne5 Bh7 8.
Qh5 g6 9. Qf3 Nf6 10. Bc4 e6 11. d4 Bg7 12. Bd2 Nbd7 13. O-O-O Nxe5 14. dxe5
Nd5 15. Bb3 Qc7 16. c4 Qxe5 17. Bc3 Nxc3 18. Qxc3 Qxc3+ 19. bxc3 Bxc3 20. f4
Ke7 21. Ne4 Bb4 22. Bc2 Ba3+ 23. Kd2 f5 24. Nf2 Rhd8+ 25. Ke2 Rxd1 26. Rxd1 Rd8
27. Nd3 Kf6 28. Rb1 b6 29. Ba4 Rd4 30. g3 Rxc4 31. Bb3 Re4+ 32. Kf3 Bd6 33. Rd1
c5 34. Nb2 Rd4 35. Re1 Bg8 36. Nc4 Bc7 37. Na3 a6 38. Nc2 Rd8 39. Ne3 b5 40. g4
c4 41. g5+ hxg5 42. hxg5+ Kg7 43. Bd1 Rd4 44. Ng2 Rd3+ 45. Ne3 e5 46. fxe5 Bb6
47. Kf4 Bxe3+ 48. Rxe3 Rxd1 49. e6 Rd4+ 0-1

[Event "VL18/19"]
[Site "Mecklenburg-Vorpommern"]
[Date "2018.11.25"]
[Round "3.5"]
[White "Westphal, Wolfgang"]
[Black "Schwahn, Christian"]
[Result "1/2-1/2"]
[WhiteElo "2075"]
[BlackElo "1984"]
[PlyCount "111"]
[EventDate "2018.??.??"]
[EventType "team-tourn"]
[EventRounds "9"]
[EventCountry "GER"]
[WhiteTeam "SF Schwerin II"]
[BlackTeam "Greifswalder SV II"]
[WhiteTeamCountry "GER"]
[BlackTeamCountry "GER"]

1. e4 c6 2. d4 d5 3. e5 Bf5 4. h4 h6 5. c4 e6 6. Nc3 Ne7 7. Nge2 Nd7 8. Ng3 Bg6
9. h5 Bh7 10. cxd5 cxd5 11. Bd3 Bxd3 12. Qxd3 Nc6 13. O-O Be7 14. Be3 O-O 15.
f4 f5 16. Rac1 a6 17. Nge2 Qe8 18. g4 fxg4 19. Ng3 Bh4 20. Nce2 Qf7 21. f5
Ndxe5 22. dxe5 Nxe5 23. Qb3 Nf3+ 24. Kg2 e5 25. Rfd1 Rfd8 26. Bb6 Rd7 27. Rc5
d4 28. Qxf7+ Rxf7 29. a4 Bg5 30. a5 Re8 31. Ne4 Nh4+ 32. Kh1 Rxf5 33. N2g3 Rf3
34. Nxg5 Rxg3 35. Ne4 Rf3 36. Nd6 Ref8 37. Rc8 Rxc8 38. Nxc8 Rh3+ 39. Kg1 g3
40. Ne7+ Kf7 41. Ng6 Nf3+ 42. Kg2 Rxh5 43. Nh8+ Kg8 44. Kxf3 Kxh8 45. Kxg3 Rf5
46. Bc7 Kg8 47. Re1 d3 48. Re3 e4 49. Rxe4 Rd5 50. Re1 g5 51. Kf3 h5 52. Re8+
Kf7 53. Rd8 Ke6 54. Ke3 d2 55. Rxd5 Kxd5 56. Kxd2 1/2-1/2

[Event "VL18/19"]
[Site "Mecklenburg-Vorpommern"]
[Date "2018.11.25"]
[Round "3.7"]
[White "Roehl, Rainer"]
[Black "Troyke, Jannis"]
[Result "1-0"]
[WhiteElo "2006"]
[BlackElo "1895"]
[PlyCount "53"]
[EventDate "2018.??.??"]
[EventType "team-tourn"]
[EventRounds "9"]
[EventCountry "GER"]
[WhiteTeam "SF Schwerin II"]
[BlackTeam "Greifswalder SV II"]
[WhiteTeamCountry "GER"]
[BlackTeamCountry "GER"]

1. d4 Nf6 2. Nf3 c5 3. e3 g6 4. Nbd2 Bg7 5. Nb3 cxd4 6. exd4 O-O 7. Be2 d5 8.
O-O Nc6 9. Bf4 Bf5 10. Ne5 Nxe5 11. Bxe5 Rc8 12. c3 Qb6 13. Bd3 Bxd3 14. Qxd3
Rfd8 15. Rfe1 Bf8 16. Nc5 Nd7 17. Nxd7 Rxd7 18. Re2 a5 19. h4 a4 20. a3 Ra8 21.
h5 g5 22. Qf5 f6 23. Qxd7 fxe5 24. Qxd5+ e6 25. Qxe5 Kf7 26. d5 Re8 27. Rd1 1-0